| 000 | 00574cam a2200229ua 4500 | ||
|---|---|---|---|
| 020 | _a81-204-0069-0 | ||
| 041 |
_aeng _h |
||
| 082 |
_a631.4 _bWIL/SO |
||
| 100 | _aWilde, S.A . | ||
| 245 |
_aSoil and plant analysis for tree culture / _cS.A.Wilde. _hTextual Documents |
||
| 250 |
_a5 / _b. |
||
| 260 |
_a : _bOxford & IBH Publishing company , _c1985. |
||
| 300 | _a224 ; . | ||
| 504 | _a | ||
| 700 | 1 | _aCorey , R.B . | |
| 700 | 1 | _aIyer, J.G . | |
| 700 | 1 | _aVoigt, G.K . | |
| 942 | _cBK | ||
| 999 |
_c2315 _d2315 |
||